[Event "Híbrido del Sur op U2200 2nd"]
[Site "Tornelo INT"]
[Date "2021.10.08"]
[Round "2"]
[White "Jaramillo Arce, David"]
[Black "Bowles, Andrew"]
[Result "1-0"]
[WhiteElo "1970"]
[BlackElo "1705"]
[PlyCount "113"]
[EventDate "2021.10.08"]
[EventType "swiss"]
[EventRounds "6"]
[EventCountry "VEN"]
[SourceTitle "EXT 2023"]
[Source "ChessBase"]
[SourceDate "2022.10.05"]
[SourceVersion "1"]
[SourceVersionDate "2022.10.05"]
[SourceQuality "1"]

1. d4 Nf6 2. c4 e6 3. g3 d5 4. Nf3 Bb4+ 5. Bd2 Be7 6. Bg2 dxc4 7. Qc2 c5 8. Qxc4 0-0 9. dxc5 Qc7 10. b4 a5 11. Bf4 Qc6 12. 0-0 axb4 13. Rc1 Na6 14. Ne5 Qxc5 15. Qb3 Qd4 16. Nd2 Nc5 17. Qc2 Ra3 18. e3 Qd8 19. Nb3 Nxb3 20. axb3 Nd5 21. Nc4 Rxa1 22. Rxa1 Nxf4 23. exf4 Qc7 24. Be4 h6 25. Qe2 Bf6 26. Ra5 Bd7 27. Rh5 Bc6 28. Na5 Bxe4 29. Qxe4 b6 30. Nc6 Rc8 31. Nxb4 Qc3 32. Rb5 Bd4 33. Nd3 Rd8 34. Kg2 Qc2 35. Rb4 Bc5 36. Nxc5 Qxc5 37. Rc4 Qb5 38. Rb4 Qc5 39. Qc4 Qxc4 40. Rxc4 Rd3 41. Rb4 Rd6 42. Kf3 Kf8 43. Ke3 Ke7 44. Ra4 Rd7 45. Ra8 h5 46. Rb8 Rd6 47. Rb7+ Kf6 48. f3 Kg6 49. h4 f6 50. g4 hxg4 51. fxg4 Kh6 52. Ke4 Kg6 53. Re7 Rd1 54. h5+ Kh6 55. Rxe6 Re1+ 56. Kf5 b5 57. Rxe1 1-0

[Event "Híbrido del Sur op U2200 2nd"]
[Site "Tornelo INT"]
[Date "2021.10.08"]
[Round "3"]
[White "Jaramillo Arce, David"]
[Black "Jimenez Salas, Maria Teresa"]
[Result "1-0"]
[WhiteElo "1970"]
[BlackElo "1824"]
[PlyCount "105"]
[EventDate "2021.10.08"]
[EventType "swiss"]
[EventRounds "6"]
[EventCountry "VEN"]
[SourceTitle "EXT 2023"]
[Source "ChessBase"]
[SourceDate "2022.10.05"]
[SourceVersion "1"]
[SourceVersionDate "2022.10.05"]
[SourceQuality "1"]

1. d4 d5 2. Nf3 Nf6 3. g3 Bf5 4. Bg2 e6 5. c4 c6 6. 0-0 h6 7. Nc3 Be7 8. Nd2 0-0 9. b3 Nbd7 10. Bb2 Qb6 11. Re1 Qxd4 12. Nxd5 Qxb2 13. Nxe7+ Kh8 14. Nxf5 exf5 15. Nf3 Rad8 16. Qc1 Qxc1 17. Raxc1 Nc5 18. Red1 Rfe8 19. Kf1 Nce4 20. h3 c5 21. Rd3 Rd6 22. Rcd1 Red8 23. Ne5 Kg8 24. Ke1 Kf8 25. Bxe4 Nxe4 26. Rxd6 Nxd6 27. Rd5 b6 28. Nc6 Rd7 29. Nxa7 Rxa7 30. Rxd6 Rb7 31. a4 Ke7 32. Rd5 Ke6 33. Kd2 g6 34. Kc3 Ra7 35. e3 Ra8 36. Kb2 Ra7 37. Ka3 Ra5 38. b4 cxb4+ 39. Kxb4 Ra7 40. Kb5 Ra5+ 41. Kxb6 Rxa4 42. Rd4 Rb4+ 43. Kc7 Rb2 44. c5 Rxf2 45. c6 Re2 46. Kd8 Rxe3 47. Rc4 Ra3 48. c7 Ra8+ 49. c8Q+ Rxc8+ 50. Rxc8 f6 51. Rc6+ Ke5 52. Ke7 g5 53. Re6+ 1-0

[Event "Híbrido del Sur op U2200 2nd"]
[Site "Tornelo INT"]
[Date "2021.10.08"]
[Round "4"]
[White "Maravi, Jon"]
[Black "Jaramillo Arce, David"]
[Result "1-0"]
[WhiteElo "1773"]
[BlackElo "1970"]
[PlyCount "133"]
[EventDate "2021.10.08"]
[EventType "swiss"]
[EventRounds "6"]
[EventCountry "VEN"]
[SourceTitle "EXT 2023"]
[Source "ChessBase"]
[SourceDate "2022.10.05"]
[SourceVersion "1"]
[SourceVersionDate "2022.10.05"]
[SourceQuality "1"]

1. e4 c5 2. Nf3 d6 3. d4 cxd4 4. Nxd4 Nf6 5. Nc3 a6 6. f3 e5 7. Nb3 Be6 8. Be3 Nbd7 9. Qd2 b5 10. 0-0-0 Be7 11. Qf2 b4 12. Nd5 Nxd5 13. exd5 Bf5 14. Bd3 Bxd3 15. Rxd3 0-0 16. Kb1 a5 17. Nd2 a4 18. Nc4 Qc8 19. b3 Qa6 20. Rd2 Rfc8 21. Rc1 Nc5 22. Bxc5 Rxc5 23. f4 e4 24. g4 Bf6 25. Qe3 Bc3 26. Re2 Re8 27. Rd1 Rxc4 28. bxc4 Qxc4 29. Qd3 Qc5 30. Rxe4 Rxe4 31. Qxe4 g6 32. Rf1 b3 33. cxb3 axb3 34. axb3 Qa3 35. Kc2 Qb2+ 36. Kd3 Bf6 37. g5 Qxb3+ 38. Ke2 Qb2+ 39. Kf3 Bd4 40. Kg3 Kg7 41. Qf3 Bc3 42. h4 h5 43. gxh6+ Kxh6 44. h5 Bf6 45. hxg6 fxg6 46. Rh1+ Kg7 47. Qe3 Qa2 48. Qe6 Qb3+ 49. Kg4 Qb2 50. Qd7+ Kf8 51. Qc8+ Kg7 52. Qh8+ Kf7 53. Rh7+ Bg7 54. Rxg7+ Qxg7 55. Qxg7+ Kxg7 56. Kg5 Kf7 57. f5 gxf5 58. Kxf5 Ke7 59. Kg6 Ke8 60. Kf6 Kd7 61. Kf7 Kd8 62. Ke6 Kc7 63. Ke7 Kc8 64. Kxd6 Kd8 65. Kc6 Kc8 66. d6 Kd8 67. d7 1-0

[Event "Online Olym Div2 E"]
[Site "Chess.com INT"]
[Date "2021.09.04"]
[Round "7.4"]
[White "Jaramillo Arce, David"]
[Black "Melian, Juan Sebastian"]
[Result "1/2-1/2"]
[WhiteElo "1970"]
[BlackElo "1978"]
[PlyCount "75"]
[EventDate "2021.09.02"]
[EventType "team (rapid)"]
[EventRounds "9"]
[EventCountry "USA"]
[SourceTitle "CBM 204 Extra"]
[Source "ChessBase"]
[SourceDate "2021.11.30"]
[SourceVersion "1"]
[SourceVersionDate "2021.11.30"]
[SourceQuality "1"]
[WhiteTeam "Ecuador"]
[BlackTeam "Paraguay"]
[WhiteTeamCountry "ECU"]
[BlackTeamCountry "PAR"]

1. d4 Nf6 2. c4 e6 3. g3 Bb4+ 4. Bd2 a5 5. Bg2 0-0 6. Nf3 d5 7. 0-0 dxc4 8. Bg5 b5 9. Ne5 Ra7 10. a4 bxa4 11. Nxc4 h6 12. Bxf6 Qxf6 13. e3 Ba6 14. Qc2 Nd7 15. Rd1 Bb5 16. Nca3 Ba6 17. Nc3 Rb8 18. Nxa4 Qe7 19. Nc4 Bb5 20. Nd2 c5 21. Ne4 cxd4 22. Rxd4 Ne5 23. Nac3 Rc7 24. Rad1 Be8 25. Qe2 Rbc8 26. h4 Nc4 27. Nb1 Ba4 28. Rc1 Nxb2 29. Rxc7 Qxc7 30. Qxb2 Qc1+ 31. Qxc1 Rxc1+ 32. Kh2 Rxb1 33. Rd8+ Bf8 34. Ra8 Bc6 35. Rxa5 Bxe4 36. Bxe4 Rb2 37. Kg2 g6 38. Ra8 1/2-1/2

[Event "Online Olym Div2 E"]
[Site "Chess.com INT"]
[Date "2021.09.02"]
[Round "3.5"]
[White "Molina Hun, Hieysson"]
[Black "Jaramillo Arce, David"]
[Result "0-1"]
[WhiteElo "1506"]
[BlackElo "1970"]
[PlyCount "114"]
[EventDate "2021.09.02"]
[EventType "team (rapid)"]
[EventRounds "9"]
[EventCountry "USA"]
[SourceTitle "CBM 204 Extra"]
[Source "ChessBase"]
[SourceDate "2021.11.30"]
[SourceVersion "1"]
[SourceVersionDate "2021.11.30"]
[SourceQuality "1"]
[WhiteTeam "Guatemala"]
[BlackTeam "Ecuador"]
[WhiteTeamCountry "GUA"]
[BlackTeamCountry "ECU"]

1. d4 Nf6 2. c4 e6 3. Nf3 b6 4. g3 Bb7 5. Bg2 Bb4+ 6. Bd2 Be7 7. Nc3 0-0 8. 0-0 c5 9. e3 d6 10. Qc2 Nbd7 11. Rfe1 a6 12. Rad1 Qc7 13. b3 Rac8 14. e4 cxd4 15. Nxd4 Rfe8 16. Qd3 Qb8 17. Bc1 Qa8 18. f3 Bd8 19. Ba3 Bc7 20. Nc2 Nc5 21. Bxc5 dxc5 22. e5 Rcd8 23. Qe3 Nd7 24. Qg5 Bxf3 25. Bxf3 Qxf3 26. Re3 Qa8 27. Rf1 Qb8 28. Rfe1 Nf8 29. h4 h6 30. Qg4 Re7 31. Nd1 Ng6 32. Qh5 Rd2 33. Na1 Red7 34. Nf2 Rxa2 35. Nh3 Rdd2 36. Nf4 Nxf4 37. gxf4 Rg2+ 38. Kh1 Rh2+ 39. Kg1 Rag2+ 40. Kf1 Rf2+ 41. Kg1 Qb7 42. Re4 Rfg2+ 43. Kf1 Rg6 44. Qf3 Rxh4 45. f5 Rxe4 46. Rxe4 exf5 47. Qxf5 Qc6 48. Rf4 Qe6 49. Qe4 Qxe5 50. Qa8+ Kh7 51. Rxf7 Qxa1+ 52. Kf2 Qd4+ 53. Ke2 Qe5+ 54. Kf2 Qg3+ 55. Ke2 Re6+ 56. Kd2 Bf4+ 57. Kd1 Qd3# 0-1

[Event "Hibrido del Sur op U2200"]
[Site "Porlamar"]
[Date "2021.08.29"]
[Round "7"]
[White "Garzon Zapatanga, Christopher Leonel"]
[Black "Jaramillo Arce, David"]
[Result "0-1"]
[WhiteElo "1697"]
[BlackElo "1974"]
[PlyCount "110"]
[EventDate "2021.08.27"]
[EventType "swiss"]
[EventRounds "7"]
[EventCountry "VEN"]
[SourceTitle "EXT 2023"]
[Source "ChessBase"]
[SourceDate "2022.10.05"]
[SourceVersion "1"]
[SourceVersionDate "2022.10.05"]
[SourceQuality "1"]

1. e4 c5 2. d4 cxd4 3. c3 d3 4. c4 d6 5. Bxd3 Nf6 6. Nc3 e6 7. Nge2 Be7 8. h3 a6 9. Be3 Nbd7 10. 0-0 Qc7 11. Rc1 b6 12. b3 Bb7 13. f3 0-0 14. Qd2 Rac8 15. Rfd1 Qb8 16. Qe1 Bd8 17. Qf2 Bc7 18. Bb1 Rfe8 19. Kh1 Qa8 20. Bd4 Bc6 21. a4 Qb7 22. b4 Qa8 23. b5 Bb7 24. Bd3 a5 25. Ng3 Bd8 26. f4 Nc5 27. Bxc5 Rxc5 28. Re1 Nd7 29. e5 dxe5 30. Nge4 exf4 31. Nxc5 Nxc5 32. Bf1 Bc7 33. Rcd1 Qb8 34. Bd3 f3 35. gxf3 Bg3 36. Qf1 Bxe1 37. Rxe1 Qg3 38. Be4 Nxe4 39. Nxe4 Bxe4 40. Rxe4 Rd8 41. Rg4 Qe5 42. Qg1 Rd2 43. Rg2 Rd6 44. Qf2 g6 45. f4 Qc3 46. Qe2 Qxh3+ 47. Kg1 Qf5 48. Rf2 Rd4 49. Qf3 Rxc4 50. Qb7 Rc1+ 51. Kh2 Qh5+ 52. Kg3 Rc3+ 53. Rf3 Rxf3+ 54. Qxf3 Qxf3+ 55. Kxf3 Kf8 0-1

[Event "Hibrido del Sur op U2200"]
[Site "Porlamar"]
[Date "2021.08.28"]
[Round "4"]
[White "Cabeza Marquez, Josue Alejandro"]
[Black "Jaramillo Arce, David"]
[Result "1/2-1/2"]
[WhiteElo "1584"]
[BlackElo "1974"]
[PlyCount "146"]
[EventDate "2021.08.27"]
[EventType "swiss"]
[EventRounds "7"]
[EventCountry "VEN"]
[SourceTitle "EXT 2023"]
[Source "ChessBase"]
[SourceDate "2022.10.05"]
[SourceVersion "1"]
[SourceVersionDate "2022.10.05"]
[SourceQuality "1"]

1. e4 c5 2. Nf3 d6 3. d3 Nc6 4. Nbd2 g6 5. g3 Bg7 6. Bg2 e5 7. 0-0 Nge7 8. Re1 0-0 9. Nf1 b5 10. h4 h6 11. Be3 Be6 12. Qd2 Kh7 13. N1h2 Qd7 14. h5 gxh5 15. Nh4 Rac8 16. f4 exf4 17. gxf4 Bg4 18. f5 Rg8 19. Rf1 Bf6 20. N4f3 Bxb2 21. Rab1 Bf6 22. Bxh6 b4 23. Kf2 Nd4 24. Rh1 Nxf3 25. Nxf3 d5 26. Bh3 Bxf3 27. Kxf3 dxe4+ 28. dxe4 Qxd2 29. Bxd2 Nc6 30. Bf1 Nd4+ 31. Kf2 h4 32. c3 bxc3 33. Bxc3 Rg3 34. Rb7 Kg7 35. Bc4 Rf8 36. Bd2 Nf3 37. Bf4 Bd4+ 38. Kf1 Rg4 39. Bd6 Nd2+ 40. Ke2 Nxc4 41. Bxf8+ Kxf8 42. Rxa7 Rg2+ 43. Kf3 Rg3+ 44. Ke2 Re3+ 45. Kd1 Rxe4 46. Kc2 Rf4 47. a4 Ne3+ 48. Kc1 Nxf5 49. a5 Be3+ 50. Kc2 Rf2+ 51. Kb1 Bd4 52. Rb7 c4 53. a6 c3 54. Rc1 c2+ 55. Rxc2 Rxc2 56. Kxc2 h3 57. Rb3 Ne3+ 58. Kd3 h2 59. Rb1 Ba7 60. Ke2 Nd1 61. Rxd1 Bg1 62. a7 Bxa7 63. Kf3 Bg1 64. Kg2 Ke7 65. Ra1 Kd6 66. Ra5 Ke6 67. Rh5 Kf6 68. Kf3 Kg6 69. Rh3 Kg5 70. Rh8 Kf5 71. Kg3 Kg5 72. Rh3 Kf5 73. Kf3 Kg5 1/2-1/2

[Event "Hibrido del Sur op U2200"]
[Site "Porlamar"]
[Date "2021.08.27"]
[Round "1"]
[White "Jaramillo Arce, David"]
[Black "Silva Mago, Alvaro Francisco"]
[Result "1-0"]
[WhiteElo "1974"]
[BlackElo "1420"]
[PlyCount "49"]
[EventDate "2021.08.27"]
[EventType "swiss"]
[EventRounds "7"]
[EventCountry "VEN"]
[SourceTitle "EXT 2023"]
[Source "ChessBase"]
[SourceDate "2022.10.05"]
[SourceVersion "1"]
[SourceVersionDate "2022.10.05"]
[SourceQuality "1"]

1. d4 Nf6 2. c4 g6 3. g3 Bg7 4. Bg2 d6 5. Nc3 0-0 6. Nf3 Re8 7. 0-0 a6 8. b3 c5 9. Bb2 Nbd7 10. Rc1 Rb8 11. dxc5 dxc5 12. Na4 Qc7 13. Rc2 Rd8 14. Qa1 b5 15. cxb5 axb5 16. Nxc5 Nxc5 17. Rfc1 Nxb3 18. axb3 Qd7 19. Ne5 Qe8 20. Nc6 Bf5 21. Nxd8 Bxc2 22. Nc6 Ra8 23. Qxa8 Qxa8 24. Nxe7+ Kf8 25. Bxa8 1-0

[Event "ECU Clasif2 U20"]
[Site "Chess.com INT"]
[Date "2020.12.18"]
[Round "4"]
[White "Palacios Gordillo, Camila Estefania"]
[Black "Jaramillo Arce, David"]
[Result "0-1"]
[WhiteElo "1270"]
[BlackElo "1974"]
[PlyCount "96"]
[EventDate "2020.12.18"]
[EventType "swiss"]
[EventRounds "9"]
[EventCountry "ECU"]
[SourceTitle "EXT 2022"]
[Source "ChessBase"]
[SourceDate "2021.10.06"]
[SourceVersion "1"]
[SourceVersionDate "2021.10.06"]
[SourceQuality "1"]

1. d4 Nf6 2. c4 e6 3. a3 c5 4. d5 d6 5. Nc3 Be7 6. Nf3 0-0 7. e4 exd5 8. cxd5 Nbd7 9. Bd3 Re8 10. 0-0 Bf8 11. Bf4 a6 12. a4 Ng4 13. a5 Nge5 14. Qd2 Nxf3+ 15. gxf3 Ne5 16. Be2 Bh3 17. Rfd1 Qf6 18. Qe3 Qg6+ 19. Bg3 h5 20. Qf4 Be7 21. Bf1 Bg5 22. Qxg5 Qxg5 23. Bxh3 Nxf3+ 24. Kg2 Nh4+ 25. Kg1 Ng6 26. Kh1 Rad8 27. Rf1 h4 28. f4 Qf6 29. Be1 Nxf4 30. Bd2 g5 31. Bg2 Qe5 32. Kg1 Nxg2 33. Kxg2 Kh7 34. Kh1 f6 35. Rg1 Kg6 36. Rg4 Qd4 37. Rd1 Qc4 38. Rdg1 Re5 39. Rxh4 Rde8 40. Rhg4 Qd3 41. R4g2 Rh8 42. Bc1 Re7 43. Bd2 Reh7 44. Rxg5+ fxg5 45. Rxg5+ Kf7 46. Rf5+ Ke8 47. Rf2 Rxh2+ 48. Rxh2 Qf1# 0-1

[Event "ECU Clasif2 U20"]
[Site "Chess.com INT"]
[Date "2020.12.18"]
[Round "9"]
[White "Pianchiche Acero, Miyamu Nillu"]
[Black "Jaramillo Arce, David"]
[Result "0-1"]
[WhiteElo "1417"]
[BlackElo "1974"]
[PlyCount "56"]
[EventDate "2020.12.18"]
[EventType "swiss"]
[EventRounds "9"]
[EventCountry "ECU"]
[SourceTitle "EXT 2022"]
[Source "ChessBase"]
[SourceDate "2021.10.06"]
[SourceVersion "1"]
[SourceVersionDate "2021.10.06"]
[SourceQuality "1"]

1. c4 c5 2. Nc3 Nc6 3. g3 g6 4. Bg2 Bg7 5. d3 Nf6 6. Nf3 0-0 7. 0-0 d5 8. cxd5 Nxd5 9. Bd2 Nc7 10. Rc1 Rb8 11. b3 b6 12. Ne1 Bb7 13. Nc2 e5 14. Ne3 h6 15. Nc4 Kh7 16. Ne4 Ne6 17. Ned6 Ba8 18. Bc3 b5 19. Bxc6 Bxc6 20. Nxf7 Rxf7 21. Nxe5 Bxe5 22. Bxe5 Qd5 23. e4 Qxe5 24. Qc2 Qh5 25. f4 Rd8 26. Rfd1 Rfd7 27. b4 Bxe4 28. dxe4 Rxd1+ 0-1

[Event "ECU Clasif1 U20"]
[Site "Chess.com INT"]
[Date "2020.12.17"]
[Round "2"]
[White "Jaramillo Arce, David"]
[Black "Gruezo Garcia, Laia Ainara"]
[Result "1-0"]
[WhiteElo "1974"]
[BlackElo "1087"]
[PlyCount "35"]
[EventDate "2020.12.17"]
[EventType "swiss"]
[EventRounds "9"]
[EventCountry "ECU"]
[SourceTitle "EXT 2022"]
[Source "ChessBase"]
[SourceDate "2021.10.06"]
[SourceVersion "1"]
[SourceVersionDate "2021.10.06"]
[SourceQuality "1"]

1. d4 e6 2. c4 b6 3. Nf3 Bb7 4. g3 Bb4+ 5. Nbd2 f5 6. Bg2 Nf6 7. 0-0 0-0 8. a3 Bxd2 9. Bxd2 Ne4 10. Be3 Nc6 11. d5 Ne7 12. dxe6 dxe6 13. Qc2 Qd6 14. Rfd1 Qc6 15. Nd4 Qc5 16. Nxe6 Qe5 17. Nxf8 Kxf8 18. Rd7 1-0

[Event "ECU Clasif1 U20"]
[Site "Chess.com INT"]
[Date "2020.12.17"]
[Round "5"]
[White "Nunez Giler, Fanny Cecilia"]
[Black "Jaramillo Arce, David"]
[Result "0-1"]
[WhiteElo "1760"]
[BlackElo "1974"]
[PlyCount "152"]
[EventDate "2020.12.17"]
[EventType "swiss"]
[EventRounds "9"]
[EventCountry "ECU"]
[SourceTitle "EXT 2022"]
[Source "ChessBase"]
[SourceDate "2021.10.06"]
[SourceVersion "1"]
[SourceVersionDate "2021.10.06"]
[SourceQuality "1"]

1. e4 c5 2. Nf3 d6 3. d4 cxd4 4. Nxd4 Nf6 5. Nc3 a6 6. Bg5 e6 7. Bc4 Nbd7 8. 0-0 b5 9. Bb3 Nc5 10. f3 Bb7 11. Kh1 Be7 12. Qd2 Qc7 13. Rad1 0-0 14. Rfe1 Rfd8 15. Qf2 Nfxe4 16. Nxe4 Nxe4 17. fxe4 Bxg5 18. Qg3 Bf6 19. c3 Qe7 20. Bc2 Rac8 21. Qh3 h6 22. Rf1 b4 23. Bb3 bxc3 24. bxc3 d5 25. exd5 Bxd5 26. Bxd5 Rxd5 27. Rfe1 Rcd8 28. Qf3 Qd7 29. Rb1 Bxd4 30. cxd4 g6 31. Rf1 Rf5 32. Qe2 Rxf1+ 33. Qxf1 Qxd4 34. h3 Qd3 35. Qc1 Kg7 36. Qb2+ Qd4 37. Qe2 Rd6 38. Rf1 e5 39. Qf3 Qd5 40. Qf2 e4 41. Qb2+ Qd4 42. Qb3 Rd7 43. Qg3 Qd3 44. Qf4 e3 45. Qf6+ Kh7 46. h4 e2 47. Re1 Qd2 48. Qf2 Re7 49. h5 Qd3 50. hxg6+ fxg6 51. Qf6 Qe4 52. Qf2 h5 53. Qf6 Qe5 54. Qf2 Qe4 55. Qf6 h4 56. Qf2 h3 57. Kg1 hxg2 58. Qxg2 Qxg2+ 59. Kxg2 Kh6 60. Kf3 Kg5 61. Rg1+ Kf5 62. Re1 g5 63. Kf2 Kf4 64. Kg2 g4 65. Kf2 Re6 66. Kg2 Ke3 67. Kg3 Kd2 68. Rxe2+ Kxe2 69. Kxg4 Rb6 70. Kf5 Rb2 71. a4 Ra2 72. a5 Rxa5+ 73. Ke4 Rb5 74. Kd4 a5 75. Kc4 Rb8 76. Kc3 a4 0-1

[Event "ECU-ch"]
[Site "Banos de Agua Santa"]
[Date "2020.03.14"]
[Round "7"]
[White "Jaramillo Arce, David"]
[Black "Esmeraldas Huachi, Anderson Yahir"]
[Result "1-0"]
[WhiteElo "1959"]
[BlackElo "1936"]
[PlyCount "93"]
[EventDate "2020.03.10"]
[EventType "swiss"]
[EventRounds "9"]
[EventCountry "ECU"]
[SourceTitle "CBM 195 Extra"]
[Source "ChessBase"]
[SourceDate "2020.05.31"]
[SourceVersion "1"]
[SourceVersionDate "2020.05.31"]
[SourceQuality "1"]

1. d4 Nf6 2. Nf3 g6 3. g3 Bg7 4. Bg2 0-0 5. 0-0 d6 6. c4 Nbd7 7. Nc3 e5 8. e4 c6 9. b3 Qc7 10. Bb2 Re8 11. Qd2 Nf8 12. Rad1 Bg4 13. d5 c5 14. h3 Bd7 15. Ne1 a6 16. Nd3 b5 17. Rde1 bxc4 18. bxc4 Rab8 19. Kh2 Nh5 20. Bf3 Qc8 21. Bxh5 gxh5 22. h4 Ng6 23. f3 h6 24. Nd1 f5 25. Ne3 f4 26. gxf4 exf4 27. Bxg7 fxe3 28. Qc3 Re7 29. Bxh6 Kh7 30. Bxe3 Bh3 31. Rg1 Rf7 32. Rg3 Nxh4 33. Reg1 Rbb7 34. Nf4 Bg2 35. R1xg2 Nxg2 36. Nxg2 Qh8 37. Qxh8+ Kxh8 38. Nh4 Rb2+ 39. Rg2 Rfb7 40. Nf5 Rxg2+ 41. Kxg2 Rb2+ 42. Kg3 Rxa2 43. Nxd6 Kg8 44. Bxc5 Re2 45. Bb6 Kf8 46. Bd8 h4+ 47. Kxh4 1-0

[Event "ECU-ch"]
[Site "Banos de Agua Santa"]
[Date "2020.03.12"]
[Round "4"]
[White "Gaibor Vera, Edgar Ivan"]
[Black "Jaramillo Arce, David"]
[Result "1-0"]
[WhiteElo "1662"]
[BlackElo "1959"]
[PlyCount "95"]
[EventDate "2020.03.10"]
[EventType "swiss"]
[EventRounds "9"]
[EventCountry "ECU"]
[SourceTitle "CBM 195 Extra"]
[Source "ChessBase"]
[SourceDate "2020.05.31"]
[SourceVersion "1"]
[SourceVersionDate "2020.05.31"]
[SourceQuality "1"]

1. c4 c5 2. Nc3 Nc6 3. g3 g6 4. Bg2 Bg7 5. e4 e6 6. Nge2 Nge7 7. d3 0-0 8. 0-0 d6 9. Bg5 h6 10. Be3 Nd4 11. Qd2 Kh7 12. Bxd4 cxd4 13. Nb5 Nc6 14. b4 Qe7 15. Rab1 f5 16. Na3 e5 17. b5 Nb8 18. Nc2 Nd7 19. exf5 gxf5 20. f4 Nc5 21. Rfe1 Be6 22. Nb4 Rae8 23. Nd5 Qd8 24. a4 Bf7 25. a5 Bxd5 26. Bxd5 e4 27. dxe4 d3 28. Nc1 Bd4+ 29. Kg2 fxe4 30. Bxe4+ Rxe4 31. Rxe4 Nxe4 32. Qxd3 Re8 33. Qxd4 Qxa5 34. Rb2 Qa1 35. Nb3 Qa3 36. Re2 Qxb3 37. Rxe4 Qc2+ 38. Kf3 Qxh2 39. Rxe8 Qh5+ 40. g4 Qxe8 41. Qxd6 Qf7 42. Qd3+ Kh8 43. Qd4+ Kh7 44. Qxa7 h5 45. Qc5 hxg4+ 46. Kxg4 Qg8+ 47. Kf3 Qg7 48. Qh5+ 1-0

[Event "Pan American-ch U20"]
[Site "Guayaquil"]
[Date "2018.06.23"]
[Round "7"]
[White "Rodriguez Horna, Lorenzo"]
[Black "Jaramillo Arce, David"]
[Result "1/2-1/2"]
[WhiteElo "1939"]
[BlackElo "2100"]
[PlyCount "104"]
[EventDate "2018.06.19"]
[EventType "swiss"]
[EventRounds "9"]
[EventCountry "ECU"]
[SourceTitle "EXT 2019"]
[Source "ChessBase"]
[SourceDate "2018.10.10"]
[SourceVersion "1"]
[SourceVersionDate "2018.10.10"]
[SourceQuality "1"]

1. d4 Nf6 2. Bg5 Ne4 3. Bf4 c5 4. f3 Nf6 5. dxc5 Qa5+ 6. Qd2 Qxc5 7. Nc3 Nc6 8. e4 d6 9. Be3 Qa5 10. Bc4 Bd7 11. Nge2 g6 12. Nd5 Qxd2+ 13. Bxd2 Nxd5 14. Bxd5 Bg7 15. 0-0-0 0-0 16. Kb1 a5 17. Bc3 Rab8 18. Bxg7 Kxg7 19. Bxc6 bxc6 20. e5 d5 21. c4 Bf5+ 22. Ka1 dxc4 23. Nd4 Bd3 24. Nxc6 Rb6 25. Nd4 a4 26. a3 Rd8 27. Ne2 Rb5 28. Nc3 Rxe5 29. Rhe1 Rxe1 30. Rxe1 Bc2 31. Re2 Bf5 32. g4 Be6 33. Kb1 Rd3 34. Rf2 Bd7 35. f4 Bxg4 36. Nxa4 Kf6 37. Nc5 Re3 38. Kc2 Bc8 39. Kd2 Rh3 40. a4 Rh5 41. Ne4+ Kg7 42. Kc3 Bd7 43. Kb4 Rf5 44. Nc5 Bc6 45. Kxc4 e5 46. b4 e4 47. Kd4 Rd5+ 48. Ke3 Rh5 49. Nxe4 Bxa4 50. Kd4 Bc6 51. Nc3 Kf6 52. Rb2 Rh4 1/2-1/2

[Event "Pan American-ch U20"]
[Site "Guayaquil"]
[Date "2018.06.21"]
[Round "5"]
[White "Lu, Maximillian"]
[Black "Jaramillo Arce, David"]
[Result "1-0"]
[WhiteElo "2204"]
[BlackElo "2100"]
[PlyCount "125"]
[EventDate "2018.06.19"]
[EventType "swiss"]
[EventRounds "9"]
[EventCountry "ECU"]
[SourceTitle "EXT 2019"]
[Source "ChessBase"]
[SourceDate "2018.10.10"]
[SourceVersion "1"]
[SourceVersionDate "2018.10.10"]
[SourceQuality "1"]

1. d4 Nf6 2. c4 e6 3. g3 d5 4. Nf3 Bb4+ 5. Bd2 Be7 6. Bg2 c6 7. Qc2 Nbd7 8. 0-0 0-0 9. Bf4 b6 10. Nbd2 Bb7 11. e4 dxe4 12. Nxe4 Nxe4 13. Qxe4 Rc8 14. Rad1 Re8 15. Rfe1 Nf6 16. Qe2 Bb4 17. Rf1 Bf8 18. a3 Qe7 19. b4 a5 20. bxa5 bxa5 21. c5 Nd5 22. Bd6 Qd8 23. Bxf8 Rxf8 24. Qc2 Ba6 25. Rfe1 a4 26. h4 h6 27. Bh3 Qa5 28. Kg2 Qc3 29. Qxc3 Nxc3 30. Rc1 Nd5 31. Ne5 Rfd8 32. Kg1 Ne7 33. Red1 Bb5 34. Nc4 Bxc4 35. Rxc4 Ra8 36. Rb1 Ra7 37. Rbb4 Rda8 38. Bg2 Kf8 39. Be4 Ke8 40. Bc2 Kd7 41. Be4 Kc7 42. Kf1 f5 43. Bf3 g5 44. hxg5 hxg5 45. Bd1 Nd5 46. Rxa4 Rxa4 47. Rxa4 Rxa4 48. Bxa4 Nc3 49. Bb3 Nb5 50. Bxe6 Nxd4 51. Bc4 Nf3 52. Ke2 Ne5 53. Be6 f4 54. gxf4 gxf4 55. Kd2 Kb7 56. Kc3 Ka6 57. Kd4 Nf3+ 58. Kc4 Ne5+ 59. Kd4 Nf3+ 60. Ke4 Ng5+ 61. Kf5 Nh3 62. Bc4+ Ka5 63. f3 1-0

[Event "South America-ch U20 13th"]
[Site "Manta"]
[Date "2017.04.29"]
[Round "8"]
[White "Jaramillo Arce, David"]
[Black "Cori Quispe, Kevin Joel"]
[Result "0-1"]
[WhiteElo "1842"]
[BlackElo "2378"]
[PlyCount "82"]
[EventDate "2017.04.25"]
[EventType "swiss"]
[EventRounds "9"]
[EventCountry "ECU"]
[SourceTitle "CBM 178 Extra"]
[Source "ChessBase"]
[SourceDate "2017.06.22"]
[SourceVersion "1"]
[SourceVersionDate "2017.06.22"]
[SourceQuality "1"]

1. d4 Nf6 2. Nf3 e6 3. g3 b5 4. Bg2 Bb7 5. a4 b4 6. 0-0 c5 7. c3 Na6 8. a5 Be7 9. Qd3 0-0 10. Bg5 Qc7 11. Nbd2 bxc3 12. bxc3 cxd4 13. cxd4 Nb4 14. Qb1 Rac8 15. Rc1 Qxc1+ 16. Qxc1 Rxc1+ 17. Rxc1 Rc8 18. Rxc8+ Bxc8 19. Ne5 h6 20. Bxf6 gxf6 21. Ng4 f5 22. Ne5 d5 23. e3 f6 24. Ng6 Bd8 25. Nb3 Kf7 26. Nf4 Ke7 27. Bf1 Nc6 28. a6 Bb6 29. Kg2 Nb4 30. Kh3 e5 31. Nd3 Bxa6 32. Nxb4 Bxf1+ 33. Kh4 Ke6 34. Kh5 Bc4 35. Nc5+ Bxc5 36. dxc5 d4 37. exd4 exd4 38. Nc2 d3 39. Nd4+ Kd5 40. Nxf5 d2 41. Kxh6 Kxc5 0-1

[Event "South America-ch U20 13th"]
[Site "Manta"]
[Date "2017.04.27"]
[Round "5"]
[White "Jaramillo Arce, David"]
[Black "Requelme Romero, Jose"]
[Result "1/2-1/2"]
[WhiteElo "1842"]
[BlackElo "1984"]
[PlyCount "47"]
[EventDate "2017.04.25"]
[EventType "swiss"]
[EventRounds "9"]
[EventCountry "ECU"]
[SourceTitle "CBM 178 Extra"]
[Source "ChessBase"]
[SourceDate "2017.06.22"]
[SourceVersion "1"]
[SourceVersionDate "2017.06.22"]
[SourceQuality "1"]

1. d4 Nf6 2. Nf3 g6 3. c4 d5 4. Nc3 Bg7 5. Qb3 dxc4 6. Qxc4 0-0 7. e4 Na6 8. Be2 c5 9. dxc5 Be6 10. Qb5 Bd7 11. Qxb7 Nxc5 12. Qb4 Rc8 13. e5 Ng4 14. 0-0 Nxe5 15. Nxe5 Bxe5 16. Bh6 Re8 17. Rad1 a5 18. Qh4 e6 19. Bg5 Qc7 20. Be3 Qb7 21. Rd2 Qb4 22. Qxb4 axb4 23. Bxc5 bxc3 24. bxc3 1/2-1/2